Statistics for Random Common German Nouns Quiz #1

Click here to take the quiz!

General Stats

  • This quiz has been taken 153 times
  • The average score is 40 of 50

Answer Stats

GermanEnglish% Correct
der Armarm
100%
das Babybaby
100%
das Autocar
100%
der Vaterfather
100%
der Fingerfinger
100%
das Haushouse
100%
der Momentmoment
100%
die Muttermother
100%
das Papierpaper
100%
die Wocheweek
100%
das Buchbook
94%
der Bruderbrother
94%
die Minuteminute
94%
der Namename
94%
die Familiefamily
93%
der Handhand
93%
der Kopfhead
93%
das Wasserwater
93%
der Hunddog
92%
das Glasglass
92%
der Sohnson
92%
die Frauwoman, wife
92%
das Kindchild
91%
die Schwestersister
90%
das Telefontelephone
90%
die Ideeidea
88%
der Morgenmorning
88%
das Beinleg
87%
die Straßestreet, road
87%
die Küchekitchen, cooking, cuisine
86%
der Freundfriend
85%
das Haarhair
85%
der Punktpoint, dot, full stop
85%
das Fensterwindow
85%
das Jahryear
85%
das Bettbed
83%
das Blutblood
83%
die Nachtnight
83%
das Wortword
83%
der Stuhlchair
82%
die Stadtcity, town
82%
das Endeend
82%
das Volkpeople, folk
82%
die Schuleschool
82%
das Lebenlife
81%
die Arbeitwork, labour
81%
der Fußfoot
80%
das Mädchengirl
80%
die Lippelip
80%
der Mannman, husband
80%
der Monatmonth
80%
das Augeeye
79%
das Feuerfire
79%
das Herzheart
79%
die Liebelove
79%
das Geldmoney
79%
der Tagday
77%
der Ortplace
75%
der Mundmouth
73%
die Türdoor
70%
die Zeittime
70%
der Jungeboy
69%
die Weltworld
69%
der Toddeath
67%
der GottGod
67%
die Geschichtehistory, story
67%
die Linieline, route
67%
der Berufoccupation
67%
die Fragequestion, issue
67%
der Tischtable
67%
das Lichtlight
64%
das Dingthing
64%
der Raumroom, space
63%
die Luftair
62%
das Zuhausehome
62%
der Schrittstep, pace, crotch
62%
der Rückenback
60%
der Wegway, path
60%
die Ehefrauwife
59%
das Gesichtface
57%
der Geistmind, wit, spirit
56%
das Bürooffice
56%
der Baumtree
54%
die Seiteside, page
53%
der Bodenfloor, ground, soil
50%
die Stundehour
50%
der Teilpart
50%
der Körperbody
47%
der Atembreath
47%
das Lächelnsmile
47%
der Klangsound, tone
47%
die Mauerwall
47%
die Schultershoulder
46%
das Aussehenappearance
41%
der Kerlguy, fellow, chap, bloke
40%
die Stimmevoice, vote
40%
die Tatsachefact
36%
die Artkind, species, nature, behaviour
25%
das Loslot, ticket
25%
der Gedankethought
15%

Score Distribution

Percentile by Number Answered

Percent of People with Each Score

Your Score History

You have not taken this quiz